LEARNING TO SEE VALUE-STREAM MAPPING TO CREATE VALUE AND ELIMINATE MUDA (Registro nro. 53427)
[ vista simple ]
| 000 -LEADER | |
|---|---|
| fixed length control field | 01059nam a2200217 a 4500 |
| 001 - CONTROL NUMBER | |
| control field | 53427 |
| 005 - DATE AND TIME OF LATEST TRANSACTION | |
| control field | 20180714043658.0 |
| 008 - FIXED-LENGTH DATA ELEMENTS--GENERAL INFORMATION | |
| fixed length control field | 140415s2003 000 0 eng d |
| 020 ## - INTERNATIONAL STANDARD BOOK NUMBER | |
| International Standard Book Number | 0966784308 |
| 041 ## - LANGUAGE CODE | |
| Language code of text/sound track or separate title | eng |
| 082 ## - DEWEY DECIMAL CLASSIFICATION NUMBER | |
| Classification number | 658.5 |
| Item number | ROT |
| 100 1# - MAIN ENTRY--PERSONAL NAME | |
| Personal name | ROTHER, MIKE |
| 245 10 - TITLE STATEMENT | |
| Title | LEARNING TO SEE VALUE-STREAM MAPPING TO CREATE VALUE AND ELIMINATE MUDA |
| 250 ## - EDITION STATEMENT | |
| Edition statement | 1a ed. |
| 260 ## - PUBLICATION, DISTRIBUTION, ETC. | |
| Place of publication, distribution, etc. | [s.l.] : |
| Name of publisher, distributor, etc. | THE LEAN ENTERPRISE INSTITUTE, INC, |
| Date of publication, distribution, etc. | 2003 |
| 300 ## - PHYSICAL DESCRIPTION | |
| Extent | 255 |
| Dimensions | 23 x 1.2 x 28 |
| 520 ## - SUMMARY, ETC. | |
| Summary, etc. | THE MISSION IS PROMOTE THE PRINCIPLES OF LEAN THINKING IN VERY ASPECT OF BUSSINES AND CROSS A WIDE RANGE OF MANUFACTURING AND SERVICE INDUSTRIES IN ORDER TO HELP ORGANIZATIONS TRANSFORMS THEMSELVES INTO LEAN ENTERPRESES, TEACH LEAN METHODS AND PRINCIPLES WHILE OUR MANAGEMENT SEMINARIS ASSIST LEADERS IN DEVELOPING THE BEHAVIORS NECESSARY TO CREATE AND SUSTAIN LEAN ENTERPRISES. |
| 650 14 - SUBJECT ADDED ENTRY--TOPICAL TERM | |
| Topical term or geographic name entry element | ADMINISTRACION DE LA PRODUCCION |
| General subdivision | CIENCIAS ADMINISTRATIVAS |
| -- | PROCESO ADMINISTRATIVO |
| 700 1# - ADDED ENTRY--PERSONAL NAME | |
| Personal name | Womack, Jim, |
| Relator term | pról. |
| 700 1# - ADDED ENTRY--PERSONAL NAME | |
| Personal name | Shook, John |
| Relator term | coaut. |
| Withdrawn status | Lost status | Source of classification or shelving scheme | Damaged status | Not for loan | Collection code | Home library | Current library | Shelving location | Date acquired | Source of acquisition | Inventory number | Total Checkouts | Full call number | Barcode | Date last seen | Date last checked out | Price effective from | Koha item type |
|---|---|---|---|---|---|---|---|---|---|---|---|---|---|---|---|---|---|---|
| Dewey Decimal Classification | General | Biblioteca Karol Wojtyla | Biblioteca Karol Wojtyla | Sala general | 03/12/2013 | Compra | 151000000000000000025936 | 658.5 ROT | 80983 | 05/01/2026 | 25/08/2017 | 03/12/2013 | Libro | |||||
| Dewey Decimal Classification | General | Biblioteca Karol Wojtyla | Biblioteca Karol Wojtyla | Sala general | 03/12/2013 | Compra | 151000000000000000025932 | 658.5 ROT | 79534 | 05/01/2026 | 04/06/2016 | 03/12/2013 | Libro | |||||
| Dewey Decimal Classification | General | Biblioteca Karol Wojtyla | Biblioteca Karol Wojtyla | Sala general | 03/12/2013 | Compra | 151000000000000000025935 | 658.5 ROT | 80982 | 05/01/2026 | 14/09/2017 | 03/12/2013 | Libro | |||||
| Dewey Decimal Classification | General | Biblioteca Karol Wojtyla | Biblioteca Karol Wojtyla | Sala general | 03/12/2013 | Compra | 151000000000000000025933 | 658.5 ROT | 79552 | 05/01/2026 | 09/11/2017 | 03/12/2013 | Libro | |||||
| Dewey Decimal Classification | General | Biblioteca Karol Wojtyla | Biblioteca Karol Wojtyla | Sala general | 03/12/2013 | Compra | 151000000000000000025934 | 658.5 ROT | 80981 | 05/01/2026 | 25/06/2018 | 03/12/2013 | Libro |